| 000 | 00535nam a2200181Ia 4500 | ||
|---|---|---|---|
| 003 | OSt | ||
| 005 | 20191224152531.0 | ||
| 008 | 190216s9999||||xx |||||||||||||| ||und|| | ||
| 020 | _a8174730281 | ||
| 040 | _coclc | ||
| 082 |
_a330.1951 _bALL/M |
||
| 100 |
_aAllen, R G D _9758 |
||
| 245 | 0 |
_aMathematical Analysis For Economics / _cR G D Allen |
|
| 260 |
_bAitbs Publishers And Distributors, _c1995. _aNew Delhi: |
||
| 300 | _a548 p | ||
| 650 | _aEconomics | ||
| 942 |
_cBK _2ddc _h330.1951 _iALL/M _k330.1951 _mALL/M |
||
| 999 |
_c9906 _d9906 |
||